00678nam a2200229 a 4500001001300000003000900013005001700022008004100039020001000080082001800090100002100108245004500129260004800174300000900222500003500231505001000266700002100276902000800297942000700305952011900312999001700431nice12345678IN_TiNIC20260116014830.0050524s2004 dela grp 000 0 eng  ac30000a371.9754bSID aSiddiqui, Akhtar aEmpowerment of Muslims Through Education aDelhibInstitute of Objective Studiesc2004 a374p aincludes index and biblioraphy2 aIndex1 aSiddiqui, Akhtar bSRS cBK 001040708StackRoom-aHMIbHMId2005-05-24g300.00l0o371.9754 SIDp021254r2005-05-24v300.00w2005-05-24yBK c17187d17187